00724nam a2200217 a 450000100060000000300080000600500170001400800410003103500190007204000260009104100080011708200240012510000230014924501050017226000410027730000200031865100190033894200120035799900170036995201200038684838BD-RjUL20250421113624.0250421s1954 enk||||| |||| 00| 0 eng d a(BD-RjUL)84838 aBD-RjULbengcBD-RjUL aeng 223a959.1bNUB 1954 aNu, Thakin 915291 aBurma under the Japanese /cby Thakin Nu; edited and translated with introduction by J. S. Furnivall aLondon :bMacmillan & Co Ltd.,c1954 a132 p.;c23 cm. aMyanmar915292 2ddccBK c84838d84838 00102ddc40718NFICaRUCLbRUCLcReadingd2025-04-21l0o959.1 NUB 1954r2025-04-21 00:00:00tC-1w2025-04-21yBK